|
|
|
|
| LEADER |
01134nam a2200265 a 4500 |
| 001 |
0017215 |
| 003 |
BD-DhAAL |
| 008 |
090531s1989 ii a b 001 0 eng d |
| 020 |
|
|
|a 9780195623710
|
| 020 |
|
|
|a 0195623711
|
| 040 |
|
|
|a NSHD
|b eng
|d BD-DhAAL
|
| 082 |
0 |
0 |
|a 410
|2 21
|
| 100 |
1 |
|
|a Verma, Santosh K.
|9 58406
|
| 245 |
1 |
0 |
|a Modern linguistics :
|b an introduction /
|c S. K. Verma, N. Krishnaswamy.
|
| 260 |
|
|
|a Delhi, [India] :
|b Oxford Univeristy Press,
|c 1989.
|
| 300 |
|
|
|a 380 p. :
|c 23 cm
|
| 504 |
|
|
|a Includes bibliographical references.
|
| 526 |
|
|
|a ENH
|x Shenin Ziauddin and Nazia Husain
Faculty Members of BRAC University
|
| 541 |
1 |
|
|e 000017215
|a Friends' Book Corner
|
| 650 |
0 |
|
|a Linguistics.
|9 58407
|
| 700 |
|
|
|a Krishnaswamy, N.
|9 58408
|
| 852 |
4 |
|
|a Ayesha Abed Library
|c General Stacks
|
| 942 |
|
|
|2 ddc
|c BK
|
| 999 |
|
|
|c 1182
|d 1182
|
| 952 |
|
|
|0 0
|1 0
|2 ddc
|4 0
|6 410_VER_198900000000000
|7 0
|9 1069
|a BRACUL
|b BRACUL
|c GEN
|d 2009-06-24
|e Friends' Book Corner
|g 330.00
|l 6
|m 28
|o 410 VER
|p 3010017215
|r 2017-10-04
|s 2017-09-27
|t 1
|v 660.00
|w 2009-06-24
|y BK
|x Requisitioned by Shenin Ziauddin and Nazia Husain (Faculty Members of BRAC University)
|